| 000 | 00655nam a22002177a 4500 | ||
|---|---|---|---|
| 999 |
_c3393 _d3393 |
||
| 001 | 3393 | ||
| 003 | BD-JhCC | ||
| 005 | 20171113180034.0 | ||
| 008 | 171113s1373 bg |||| |||| 000 0 ben d | ||
| 035 | _a(BD-JhCC)3393 | ||
| 040 |
_aBD-JhCC _dBD-JhCC |
||
| 041 | _aben | ||
| 082 |
_a891.4415 _bSHA 1373 |
||
| 100 | _aরাহমান, শামসুর | ||
| 245 |
_aবিধ্বস্ত নীলিমা / _cরাহমান, শামসুর |
||
| 260 |
_aচট্টগ্রাম : _bবইঘর, _c১৩৭৩. |
||
| 300 |
_a৯০ পৃ. : _c২২ সেমি. |
||
| 650 | _aBengali Poetry | ||
| 942 |
_2ddc _cBK |
||